00485nam a22001697a 450000500170000001000150001702000260003203500130005803700130007108200140008410000170009824500650011526000370018027000580021730000210027550000190029620131218165927.0 aENG-108910 a9789380515151c395.00 aEN-92443 bDBAD/PUB a954.05092 aSingh, M. K. aPranab Mukherjee :cby M. K. Singhbthe president of India / aNew DelhibMansi Prakashanc2014 a4760-61 23, Ansari Road, DaryaganjbNew Delhie110002 a160p. c22cm(Hb) aIncludes index